[Event "Semi-rapide 1988.04.23"]
[Site "Montreal CAN"]
[Date "1988.04.23"]
[Round "3"]
[White "Reiner, Thomas"]
[Black "Charest, Johanne"]
[Result "1-0"]
[WhiteElo "1593"]
[BlackElo "1390"]
[PlyCount "20"]
[GameId "2160767912586387"]
[EventDate "1988.04.23"]
[EventType "swiss (rapid)"]
[EventRounds "6"]
[EventCountry "CAN"]

1. b4 a5 2. b5 e5 3. a4 d5 4. Bb2 Bd6 5. e3 b6 6. c4 dxc4 7. Bxc4 Bb7 8. Nf3 Nf6 9. O-O O-O 10. Nxe5 Bxe5 1-0

[Event "Smiths Falls op"]
[Site "Smiths Falls CAN"]
[Date "1988.08.20"]
[Round "1"]
[White "Webb, Robert"]
[Black "Morin, Louis"]
[Result "0-1"]
[WhiteElo "1777"]
[BlackElo "1910"]
[PlyCount "90"]
[GameId "2160767912520421"]
[EventDate "1988.08.20"]
[EventType "swiss"]
[EventRounds "5"]
[EventCountry "CAN"]
[SourceTitle "hb 2013"]

1. c4 Nf6 2. Nc3 e6 3. e4 d5 4. e5 d4 5. exf6 dxc3 6. bxc3 Qxf6 7. d4 c5 8. Nf3 h6 9. Bd3 Nc6 10. O-O cxd4 11. cxd4 Nxd4 12. Nxd4 Qxd4 13. Be3 Qd8 14. f4 Be7 15. Qc2 Bf6 16. Rae1 O-O 17. Kh1 Bd7 18. Bc5 Re8 19. Bd6 Rc8 20. Qf2 b6 21. Be5 Qe7 22. Bxf6 Qxf6 23. Re5 g6 24. Qg3 Qg7 25. Rd1 Red8 26. Rde1 Rc6 27. Qh4 f6 28. R5e3 Rc5 29. g4 Rf8 30. Rh3 Bc6+ 31. Kg1 h5 32. gxh5 Rxh5 33. Qg4 f5 34. Qg3 Rxh3 35. Qxh3 Qd4+ 36. Qe3 Qxe3+ 37. Rxe3 Kf7 38. Bf1 Kf6 39. Ra3 Rf7 40. Ra6 Be4 41. c5 bxc5 42. Bc4 Re7 43. Ra5 Rc7 44. Ra6 Bc6 45. Ra5 Bd5 0-1

[Event "Smiths Falls op"]
[Site "Smiths Falls CAN"]
[Date "1988.08.20"]
[Round "2"]
[White "Morin, Louis"]
[Black "Eschbach, Ralph"]
[Result "1-0"]
[WhiteElo "1910"]
[BlackElo "1743"]
[PlyCount "45"]
[GameId "2160767912520422"]
[EventDate "1988.08.20"]
[EventType "swiss"]
[EventRounds "5"]
[EventCountry "CAN"]
[SourceTitle "hb 2013"]

1. e4 Nf6 2. Nc3 d5 3. e5 d4 4. exf6 dxc3 5. fxg7 cxd2+ 6. Qxd2 Qxd2+ 7. Bxd2 Bxg7 8. O-O-O Nc6 9. Nf3 Bg4 10. Be2 O-O 11. h3 Be6 12. Kb1 a5 13. a3 a4 14. Bf4 b5 15. Bxb5 Na5 16. Bxc7 Rfb8 17. Bxb8 Rxb8 18. Nd4 Bc4 19. Bxa4 Be2 20. Nxe2 Rxb2+ 21. Kc1 Nc4 22. Rd8+ Bf8 23. Bb3 1-0

[Event "Smiths Falls op"]
[Site "Smiths Falls CAN"]
[Date "1988.08.20"]
[Round "3"]
[White "Dougherty, Michael"]
[Black "Morin, Louis"]
[Result "1-0"]
[WhiteElo "2211"]
[BlackElo "1910"]
[PlyCount "153"]
[GameId "2160767912520423"]
[EventDate "1988.08.20"]
[EventType "swiss"]
[EventRounds "5"]
[EventCountry "CAN"]
[SourceTitle "hb 2013"]

1. d4 Nf6 2. c4 e6 3. Nc3 d5 4. cxd5 exd5 5. Bg5 Be7 6. e3 O-O 7. Bd3 Nbd7 8. Nge2 c6 9. Qc2 Re8 10. f3 Nf8 11. O-O-O Be6 12. g4 Qa5 13. h4 N6d7 14. Nf4 Bb4 15. h5 Bxc3 16. bxc3 c5 17. Kd2 cxd4 18. exd4 Rac8 19. Rb1 Nb6 20. h6 g6 21. Bf6 Bd7 22. Rb4 Qxb4 23. cxb4 Rxc2+ 24. Kxc2 Ne6 25. Nxe6 Bxe6 26. Re1 Nd7 27. Bh4 f6 28. Kb3 Kf7 29. Rc1 Nf8 30. Bg3 Bd7 31. Bf2 Ne6 32. b5 Rc8 33. Rxc8 Bxc8 34. Be3 Kg8 35. Kb4 b6 36. a4 Nf8 37. Bf4 Nd7 38. Bc7 Kf7 39. Be2 Bb7 40. f4 Kg8 41. a5 Kf7 42. Bd6 Kg8 43. Bc7 Kf7 44. Bd3 Ba8 45. Bf1 Bb7 46. Be2 Ba8 47. Bf3 Bb7 48. Bd1 Ba8 49. Bc2 Bb7 50. Bd3 Ba8 51. a6 Kg8 52. Kc3 Kf7 53. Kd2 Kg8 54. Ke3 Kf7 55. Kf2 Kg8 56. Kg3 Kf7 57. Kh4 Kg8 58. Bd6 Kf7 59. Bb4 Kg8 60. Bd2 Kf7 61. f5 g5+ 62. Kh5 Kg8 63. Bxg5 fxg5 64. Kxg5 Kf7 65. Kf4 Nf6 66. g5 Ne4 67. Be2 Nc3 68. Bh5+ Kf8 69. g6 hxg6 70. fxg6 Nxb5 71. Ke5 Bc6 72. g7+ Kg8 73. Kf6 Nd6 74. Bf7+ Nxf7 75. h7+ Kxh7 76. Kxf7 Be8+ 77. Kf8 1-0

[Event "Smiths Falls op"]
[Site "Smiths Falls CAN"]
[Date "1988.08.21"]
[Round "4"]
[White "Julien, Bradley"]
[Black "Morin, Louis"]
[Result "1/2-1/2"]
[WhiteElo "1986"]
[BlackElo "1910"]
[PlyCount "117"]
[GameId "2160767912520424"]
[EventDate "1988.08.20"]
[EventType "swiss"]
[EventRounds "5"]
[EventCountry "CAN"]
[SourceTitle "hb 2013"]

1. g3 d5 2. Bg2 c5 3. Nf3 Nc6 4. O-O Nf6 5. d3 e5 6. Nc3 Be7 7. e4 dxe4 8. Nxe4 Nxe4 9. dxe4 Qxd1 10. Rxd1 O-O 11. Ne1 Be6 12. b3 Rad8 13. Be3 Rxd1 14. Rxd1 Rd8 15. Rxd8+ Nxd8 16. Nd3 Nc6 17. Bxc5 Bxc5 18. Nxc5 Nb4 19. Nxb7 Nxc2 20. Nc5 Kf8 21. Nxe6+ fxe6 22. Bf1 Ke7 23. Bc4 Kd6 24. h4 a5 25. Kf1 Nb4 26. a4 Nc2 27. Ke2 Nd4+ 28. Kd3 g6 29. Kc3 Kc5 30. f4 exf4 31. gxf4 h5 32. e5 Nf3 33. Bxe6 Nxh4 34. Bh3 Nf3 35. Kd3 g5 36. fxg5 Nxg5 37. Bg2 h4 38. Ke3 h3 39. Bh1 Ne6 40. Ke4 Nd4 41. Kf4 Nxb3 42. e6 Kd6 43. Kg3 Kxe6 44. Kxh3 Kd6 45. Kg3 Nc5 46. Kf4 Nxa4 47. Ke3 Kc5 48. Kd2 Nb6 49. Kc1 a4 50. Kb1 Kb4 51. Ka2 a3 52. Bc6 Nc4 53. Bd5 Ne3 54. Bb3 Nf5 55. Bf7 Nd4 56. Bc4 Ka4 57. Bd3 Kb4 58. Bc4 Nc2 59. Be6 1/2-1/2

[Event "Smiths Falls op"]
[Site "Smiths Falls CAN"]
[Date "1988.08.21"]
[Round "5"]
[White "Morin, Louis"]
[Black "Winterton, Ken"]
[Result "1/2-1/2"]
[WhiteElo "1910"]
[BlackElo "2136"]
[PlyCount "117"]
[GameId "2160767912520425"]
[EventDate "1988.08.20"]
[EventType "swiss"]
[EventRounds "5"]
[EventCountry "CAN"]
[SourceTitle "hb 2013"]

1. e4 d6 2. d4 Nf6 3. Nc3 g6 4. f4 Bg7 5. Nf3 c5 6. Bb5+ Bd7 7. e5 Ng4 8. e6 Bxb5 9. exf7+ Kd7 10. Nxb5 Qa5+ 11. Nc3 cxd4 12. Nxd4 Bxd4 13. Qxd4 Nc6 14. Qc4 Qb6 15. Nd1 Qb4+ 16. Qxb4 Nxb4 17. h3 Nh6 18. Ne3 Nf5 19. Nxf5 gxf5 20. Kd1 Rac8 21. Bd2 Nd5 22. g4 Rhf8 23. g5 Rxf7 24. b3 b5 25. h4 e5 26. h5 Rg7 27. fxe5 dxe5 28. g6 f4 29. Ke2 Ke6 30. Rag1 h6 31. Rc1 b4 32. a3 a5 33. axb4 axb4 34. Ra1 Rxc2 35. Ra8 Nf6 36. Kd3 Rb2 37. Bxb4 Rxb3+ 38. Kc4 Rb2 39. Kc3 Re2 40. Bf8 Rc7+ 41. Kb3 Re3+ 42. Kb2 Ng4 43. Ra6+ Kf5 44. g7 Rb7+ 45. Ka2 Re2+ 46. Ka1 Rxg7 47. Bxg7 f3 48. Ra2 Rxa2+ 49. Kxa2 Kf4 50. Kb3 f2 51. Kc3 Ke3 52. Bf8 Ke2 53. Bc5 f1=Q 54. Rxf1 Kxf1 55. Kd3 Nf6 56. Be3 Nxh5 57. Bxh6 Ng3 58. Bg7 e4+ 59. Ke3 1/2-1/2

[Event "Specialiste 1988.03"]
[Site "Montreal CAN"]
[Date "1988.03.20"]
[Round "1"]
[White "Rousseau, Daniel"]
[Black "Roy, Alain"]
[Result "0-1"]
[WhiteElo "2000"]
[BlackElo "2000"]
[PlyCount "62"]
[GameId "2160767912586444"]
[EventDate "1988.03.20"]
[EventType "swiss"]
[EventRounds "5"]
[EventCountry "CAN"]
[SourceTitle "hb 2011"]

1. e4 d6 2. d4 Nf6 3. Nc3 g6 4. Bg5 Bg7 5. Qd2 c6 6. O-O-O O-O 7. f3 Qa5 8. Bc4 Nbd7 9. Kb1 b5 10. Bb3 b4 11. Nce2 c5 12. h4 Ba6 13. e5 c4 14. exf6 Nxf6 15. h5 cxb3 16. axb3 Rfc8 17. hxg6 hxg6 18. Bh6 Bh8 19. Nf4 Rc6 20. Qe1 e5 21. Bg5 Bg7 22. Qh4 Rxc2 23. Kxc2 exf4 24. Qxf4 Qa2 25. Bxf6 Rc8+ 26. Kd2 Qxb2+ 27. Ke1 Re8+ 28. Be5 dxe5 29. Qe3 Qxg2 30. Rh3 Bb5 31. d5 e4 0-1

[Event "Specialiste 1988.03"]
[Site "Montreal CAN"]
[Date "1988.03.21"]
[Round "2"]
[White "Rousseau, Daniel"]
[Black "Fraser, Michel"]
[Result "1-0"]
[WhiteElo "2000"]
[BlackElo "2000"]
[PlyCount "87"]
[GameId "2160767912586445"]
[EventDate "1988.03.20"]
[EventType "swiss"]
[EventRounds "5"]
[EventCountry "CAN"]
[SourceTitle "hb 2011"]

1. e4 e6 2. d4 d5 3. Nc3 Bb4 4. e5 Qd7 5. Bd2 b6 6. Bb5 c6 7. Ba4 Ba6 8. Nce2 Bxd2+ 9. Qxd2 Ne7 10. Nf3 Qb7 11. c3 Bxe2 12. Qxe2 Qa6 13. Qd1 Nd7 14. Bc2 c5 15. Bd3 c4 16. Bc2 h6 17. O-O b5 18. h4 Nb6 19. h5 Na4 20. Rb1 Qc6 21. Nh4 O-O-O 22. f4 Nb6 23. f5 exf5 24. Nxf5 Nxf5 25. Bxf5+ Kb8 26. Qg4 g6 27. hxg6 fxg6 28. Qxg6 Qc7 29. Bh3 Rh7 30. Rf6 Rg7 31. Qxh6 Kb7 32. Rbf1 Rdg8 33. Rf8 Rxf8 34. Rxf8 a5 35. e6 Re7 36. Qf6 b4 37. Rf7 Nc8 38. g4 Kc6 39. Bg2 a4 40. a3 bxa3 41. bxa3 Qd6 42. Bxd5+ Kxd5 43. Qf3+ Kxe6 44. Qf5# 1-0

[Event "Specialiste Automne"]
[Site "Montreal CAN"]
[Date "1988.10.08"]
[Round "1"]
[White "Martinez, Ludwin"]
[Black "Charest, Johanne"]
[Result "1/2-1/2"]
[WhiteElo "1598"]
[BlackElo "1382"]
[PlyCount "73"]
[GameId "2160767912520270"]
[EventDate "1988.10.08"]
[EventType "swiss"]
[EventRounds "4"]
[EventCountry "CAN"]

1. e4 e5 2. Nf3 Nc6 3. Bb5 a6 4. Ba4 Nf6 5. O-O b5 6. Bb3 Be7 7. Re1 d6 8. c3 O-O 9. h3 Bb7 10. d4 h6 11. a4 Re8 12. a5 Bf8 13. Nbd2 Nb8 14. Qc2 Nbd7 15. dxe5 Nxe5 16. Nxe5 Rxe5 17. f4 Re8 18. e5 dxe5 19. fxe5 Bc5+ 20. Kh1 Ng4 21. Qf5 Nf2+ 22. Kh2 Bd5 23. e6 Qd6+ 24. g3 fxe6 25. Bxd5 exd5 26. Rxe8+ Rxe8 27. Qf3 Rf8 28. Qe2 Ne4 29. Nxe4 dxe4 30. Bf4 Qc6 31. Re1 g5 32. Be3 Qd5 33. Bxc5 Qxc5 34. Qxe4 Qf2+ 35. Kh1 Qxg3 36. Qg6+ Kh8 37. Qxh6+ 1/2-1/2

[Event "Specialiste Automne"]
[Site "Montreal CAN"]
[Date "1988.10.08"]
[Round "2"]
[White "Glass, Martin"]
[Black "Charest, Johanne"]
[Result "1-0"]
[WhiteElo "1654"]
[BlackElo "1382"]
[PlyCount "161"]
[GameId "2160767912520271"]
[EventDate "1988.10.08"]
[EventType "swiss"]
[EventRounds "4"]
[EventCountry "CAN"]

1. e4 e5 2. Nf3 Nc6 3. Bb5 a6 4. Ba4 Nf6 5. O-O b5 6. Bb3 Be7 7. Re1 O-O 8. c3 d6 9. h3 Bb7 10. d3 h6 11. Nbd2 Re8 12. Nf1 Bf8 13. Ng3 g6 14. Nh2 Qd7 15. Ng4 Nxg4 16. hxg4 Bg7 17. Nf1 Kh7 18. Re3 Nd8 19. Rh3 Qe7 20. Be3 Rh8 21. Qd2 Qf8 22. Bxh6 Kg8 23. Bxg7 Qxg7 24. Rxh8+ Kxh8 25. g3 Bc8 26. Ne3 Qh6 27. f3 Be6 28. Bxe6 Nxe6 29. Kg2 Kg7 30. Rh1 Qg5 31. d4 exd4 32. cxd4 Rh8 33. d5 Rxh1 34. Kxh1 Qh6+ 35. Kg2 Ng5 36. Qf2 Qh3+ 37. Kg1 Qh6 38. Qe2 Qh3 39. Qg2 Qh6 40. Kf2 Nh3+ 41. Ke2 Ng5 42. f4 Nh7 43. g5 Qh5+ 44. g4 Qh4 45. Nf1 f6 46. gxf6+ Qxf6 47. Ke3 Qe7 48. g5 Nf8 49. Qh3 Kg8 50. Qc8 Qh7 51. Qg4 Qh1 52. Qf3 Qg1+ 53. Qf2 Qg4 54. Qe2 Qg1+ 55. Kd3 Qc5 56. Qc2 Qg1 57. Ne3 Nd7 58. Qxc7 Qb1+ 59. Qc2 Nc5+ 60. Kd4 Qxa2 61. b4 Qa1+ 62. Qc3 Qxc3+ 63. Kxc3 Nxe4+ 64. Kd4 Ng3 65. Kd3 Kf7 66. Nc2 Nf5 67. Nd4 Nxd4 68. Kxd4 Kg7 69. Ke4 Kf7 70. f5 Kg7 71. fxg6 Kxg6 72. Kf4 a5 73. bxa5 b4 74. Ke4 Kxg5 75. a6 b3 76. Kd3 Kf5 77. Kc3 Ke5 78. a7 b2 79. Kxb2 Kxd5 80. a8=Q+ Ke5 81. Kc2 1-0

[Event "Specialiste Automne"]
[Site "Montreal CAN"]
[Date "1988.10.08"]
[Round "2"]
[White "Morin, Louis"]
[Black "Gaudreau, Alain"]
[Result "1/2-1/2"]
[WhiteElo "1950"]
[BlackElo "1777"]
[PlyCount "83"]
[GameId "2160767912520273"]
[EventDate "1988.10.08"]
[EventType "swiss"]
[EventRounds "4"]
[EventCountry "CAN"]
[SourceTitle "hb 2013"]

1. e4 c5 2. d4 cxd4 3. c3 dxc3 4. Nxc3 Nc6 5. Nf3 d6 6. Bc4 e6 7. O-O Be7 8. Qe2 a6 9. Rd1 Bd7 10. a3 Nf6 11. Bg5 Ng4 12. Bxe7 Qxe7 13. Qd2 Nge5 14. Be2 Nxf3+ 15. Bxf3 Ne5 16. Be2 Bc6 17. Qxd6 Qxd6 18. Rxd6 Ke7 19. Rdd1 Rhd8 20. f4 Nd7 21. b4 Nf6 22. Bf3 Rxd1+ 23. Rxd1 Nd7 24. Kf2 Nb6 25. Be2 Na4 26. Nxa4 Bxa4 27. Rc1 Rd8 28. Ke3 Rd6 29. g3 Kd7 30. e5 Rb6 31. Kd4 Rc6 32. Rc5 Rxc5 33. Kxc5 Kc7 34. b5 b6+ 35. Kb4 axb5 36. Bd3 h6 37. Be4 Kd7 38. Bf3 f6 39. Be4 fxe5 40. fxe5 Kc7 41. Bg6 Kd7 42. Be4 1/2-1/2

[Event "Specialiste Automne"]
[Site "Montreal CAN"]
[Date "1988.10.09"]
[Round "3"]
[White "Charest, Johanne"]
[Black "Papaudreen, Leo"]
[Result "1-0"]
[WhiteElo "1382"]
[BlackElo "1454"]
[PlyCount "43"]
[GameId "2160767912520274"]
[EventDate "1988.10.08"]
[EventType "swiss"]
[EventRounds "4"]
[EventCountry "CAN"]

1. e4 c5 2. Nf3 Nc6 3. d4 cxd4 4. Nxd4 Nf6 5. Nc3 e5 6. Nb3 Bb4 7. Bd3 d5 8. Bd2 Bxc3 9. Bxc3 Nxe4 10. Bxe4 dxe4 11. Qxd8+ Kxd8 12. O-O-O+ Ke7 13. Rhe1 f5 14. f3 e3 15. Rxe3 Kf7 16. Bxe5 Nxe5 17. Rxe5 Re8 18. Rxe8 Kxe8 19. Rd5 b6 20. Nd4 g6 21. Nb5 Bb7 22. Nd6+ 1-0

[Event "Specialiste Automne"]
[Site "Montreal CAN"]
[Date "1988.10.09"]
[Round "3"]
[White "Ledoux, Pierre"]
[Black "Morin, Louis"]
[Result "0-1"]
[WhiteElo "1859"]
[BlackElo "1950"]
[PlyCount "34"]
[GameId "2160767912520275"]
[EventDate "1988.10.08"]
[EventType "swiss"]
[EventRounds "4"]
[EventCountry "CAN"]
[SourceTitle "hb 2013"]

1. e4 e5 2. Nf3 d6 3. d4 Nf6 4. Nc3 Nbd7 5. Bc4 Be7 6. Be3 Ng4 7. Bd2 O-O 8. h3 exd4 9. hxg4 dxc3 10. Bxc3 Nb6 11. Bd3 Bxg4 12. Qd2 f5 13. O-O-O Rf7 14. Rxh7 Kxh7 15. Rh1+ Kg8 16. Bxg7 Rxg7 17. Qh6 Bg5+ 0-1

[Event "Specialiste Automne"]
[Site "Montreal CAN"]
[Date "1988.10.09"]
[Round "4"]
[White "Moran, Michael"]
[Black "Charest, Johanne"]
[Result "1-0"]
[WhiteElo "1592"]
[BlackElo "1382"]
[PlyCount "73"]
[GameId "2160767912520276"]
[EventDate "1988.10.08"]
[EventType "swiss"]
[EventRounds "4"]
[EventCountry "CAN"]

1. e4 e5 2. Nf3 Nc6 3. Bb5 a6 4. Ba4 Nf6 5. O-O b5 6. Bb3 Be7 7. Re1 d6 8. c3 O-O 9. h3 Bb7 10. d4 Re8 11. Bc2 h6 12. Nbd2 Bf8 13. Nf1 exd4 14. cxd4 Nb4 15. Ng3 Nxc2 16. Qxc2 Qe7 17. d5 Rac8 18. Bf4 c6 19. e5 dxe5 20. Rxe5 cxd5 21. Rxe7 Rxc2 22. Rxb7 Rxb2 23. Nd4 Bc5 24. Be3 Bd6 25. Ngf5 Be5 26. Ra7 Rb4 27. Rxa6 Rc4 28. Rb1 b4 29. Nc6 Bc3 30. Nd6 Rxc6 31. Rxc6 Re6 32. Rc8+ Kh7 33. Nb5 Be5 34. Rxb4 Ra6 35. a4 Ne4 36. Rc6 Nd6 37. Nc7 1-0

[Event "Specialiste Automne"]
[Site "Montreal CAN"]
[Date "1988.10.09"]
[Round "4"]
[White "Morin, Louis"]
[Black "Horic, Camil"]
[Result "0-1"]
[WhiteElo "1950"]
[BlackElo "1612"]
[PlyCount "102"]
[GameId "2160767912520277"]
[EventDate "1988.10.08"]
[EventType "swiss"]
[EventRounds "4"]
[EventCountry "CAN"]
[SourceTitle "hb 2013"]

1. e4 e5 2. Nf3 Nc6 3. Nc3 Nf6 4. Bb5 d6 5. d4 exd4 6. Qxd4 Bd7 7. Bxc6 Bxc6 8. Bg5 Be7 9. O-O-O O-O 10. Kb1 Nd7 11. Qe3 Bxg5 12. Nxg5 Qe7 13. f4 Nf6 14. Rhe1 Rfe8 15. Qd3 h6 16. Nf3 Nxe4 17. Nd4 Nxc3+ 18. Qxc3 Qf6 19. Nxc6 Qxc3 20. bxc3 bxc6 21. Kb2 Rab8+ 22. Ka3 Kf8 23. c4 Re7 24. c5 d5 25. Rb1 Rb5 26. Rxb5 cxb5 27. Rxe7 Kxe7 28. Kb4 a6 29. Kc3 a5 30. Kd4 c6 31. Ke5 g6 32. f5 g5 33. f6+ Kd7 34. Kf5 b4 35. Ke5 a4 36. Kf5 Kc7 37. Ke5 Kd7 38. g4 Kc7 39. Kd4 Kd8 40. Ke5 Kd7 41. Kf5 Kd8 42. Ke5 Kc7 43. Kd4 Kb7 44. Ke5 b3 45. cxb3 axb3 46. axb3 Ka6 47. Kd6 d4 48. Ke7 d3 49. Kxf7 d2 50. Kg8 d1=Q 51. f7 Qxb3 0-1

[Event "Specialiste Estival"]
[Site "Montreal CAN"]
[Date "1988.06.04"]
[Round "1"]
[White "De Jonge, Arie"]
[Black "Morin, Louis"]
[Result "1/2-1/2"]
[WhiteElo "1729"]
[BlackElo "1901"]
[PlyCount "42"]
[GameId "2160767912586285"]
[EventDate "1988.06.04"]
[EventType "swiss"]
[EventRounds "4"]
[EventCountry "CAN"]
[SourceTitle "hb 2013"]

1. e4 e5 2. Nf3 d6 3. d4 Nf6 4. Bd3 Nbd7 5. O-O Be7 6. b3 c6 7. Bb2 Qc7 8. Re1 O-O 9. Nbd2 Re8 10. c4 Bf8 11. Rc1 a5 12. h3 b6 13. Nf1 exd4 14. Nxd4 Nc5 15. Ng3 Nxd3 16. Qxd3 Qb7 17. Ndf5 Bxf5 18. Nxf5 Re6 19. Nd4 Ree8 20. Nf5 Re6 21. Nd4 Ree8 1/2-1/2

[Event "Specialiste Estival"]
[Site "Montreal CAN"]
[Date "1988.06.04"]
[Round "1"]
[White "Zalys, Ignas"]
[Black "Forget, Luc"]
[Result "0-1"]
[WhiteElo "1902"]
[BlackElo "1740"]
[PlyCount "68"]
[GameId "2160767912586286"]
[EventDate "1988.06.04"]
[EventType "swiss"]
[EventRounds "4"]
[EventCountry "CAN"]

1. e4 e5 2. Nf3 Nc6 3. Bb5 Nd4 4. Nxd4 exd4 5. O-O Bc5 6. d3 c6 7. Bc4 d5 8. Bb3 Ne7 9. Bg5 f6 10. Bh4 O-O 11. Nd2 a5 12. a4 Be6 13. f4 Bf7 14. f5 Bd6 15. Qg4 Kh8 16. Rae1 Qc7 17. h3 b5 18. Kh1 Rab8 19. exd5 Nxd5 20. Qxd4 bxa4 21. Bxd5 Bxd5 22. c4 Be5 23. Qf2 Rxb2 24. cxd5 cxd5 25. d4 Bd6 26. Qe3 Bb4 27. Rc1 Qd7 28. Nf3 Re8 29. Qd3 h6 30. Bg3 Ree2 31. Nh4 Bd6 32. Bxd6 Qxd6 33. Rc8+ Kh7 34. Ng6 Qh2+ 0-1

[Event "Specialiste Estival"]
[Site "Montreal CAN"]
[Date "1988.06.04"]
[Round "2"]
[White "Gaudreau, Alain"]
[Black "Zalys, Ignas"]
[Result "0-1"]
[WhiteElo "1777"]
[BlackElo "1902"]
[PlyCount "98"]
[GameId "2160767912586287"]
[EventDate "1988.06.04"]
[EventType "swiss"]
[EventRounds "4"]
[EventCountry "CAN"]

1. e4 c5 2. Nf3 a6 3. d4 cxd4 4. Nxd4 Nf6 5. Nc3 e5 6. Nb3 Bb4 7. a3 Bxc3+ 8. bxc3 Qc7 9. Bd3 Qxc3+ 10. Bd2 Qc7 11. O-O d6 12. c4 Nc6 13. a4 Be6 14. a5 Nd7 15. Be3 O-O 16. Qc2 Nb4 17. Qc3 Nxd3 18. Qxd3 Qxc4 19. Nc1 Rfd8 20. Qxd6 Qxe4 21. Rd1 h6 22. Ne2 Nf8 23. Qe7 Bd5 24. Rxd5 Qxd5 25. h3 Ng6 26. Qb4 Rac8 27. Bb6 Re8 28. Qa4 Qc4 29. Qd1 Qc2 30. Qe1 Nf4 31. Ng3 Qc3 32. Qd1 Qc6 33. f3 Qc2 34. Qf1 Re6 35. Be3 Rec6 36. Ne4 Rg6 37. g3 Ne2+ 38. Kh1 f5 39. Re1 fxe4 40. Rxe2 Qd3 41. Qf2 exf3 42. Qxf3 Rf8 43. Qg2 Rxg3 44. Qxg3 Qxe2 45. Bg1 Qf3+ 46. Kh2 Qxg3+ 47. Kxg3 e4 48. Bd4 Rf3+ 49. Kg2 g5 0-1

[Event "Specialiste Estival"]
[Site "Montreal CAN"]
[Date "1988.06.04"]
[Round "2"]
[White "Morin, Louis"]
[Black "Bergeron, Marc"]
[Result "0-1"]
[WhiteElo "1901"]
[BlackElo "1763"]
[PlyCount "116"]
[GameId "2160767912586288"]
[EventDate "1988.06.04"]
[EventType "swiss"]
[EventRounds "4"]
[EventCountry "CAN"]
[SourceTitle "hb 2013"]

1. e4 c5 2. c3 Nf6 3. e5 Nd5 4. d4 cxd4 5. Qxd4 e6 6. Bc4 Nc6 7. Qe4 Nb6 8. Bd3 Qc7 9. Nf3 d6 10. exd6 Bxd6 11. Nbd2 e5 12. Nxe5 f5 13. Qe2 Nxe5 14. f4 O-O 15. fxe5 Bxe5 16. Nf3 Re8 17. Bf4 Bxc3+ 18. Kf1 Rxe2 19. Bxc7 Rxb2 20. Rc1 Bf6 21. Bxb6 Rxb6 22. Kf2 f4 23. g3 Rb2+ 24. Rc2 Rxc2+ 25. Bxc2 Be6 26. Bb3 fxg3+ 27. hxg3 Bxb3 28. axb3 a5 29. Rh5 h6 30. Rb5 Ra7 31. Ke3 Kf7 32. Kd3 Ke6 33. Nd2 Be5 34. g4 Bc7 35. Nc4 Kf6 36. Ke4 a4 37. bxa4 Rxa4 38. Kd3 b6 39. Ne3 Bd8 40. Rd5 Be7 41. g5+ hxg5 42. Rb5 Bc5 43. Nd5+ Kf7 44. Nxb6 Bxb6 45. Rxb6 Rf4 46. Ke3 Rf6 47. Rb7+ Kg6 48. Ke4 g4 49. Rb5 Kh6 50. Ra5 g6 51. Ke3 Rf5 52. Ra4 Kh5 53. Ra6 g3 54. Ra1 Kg4 55. Ra4+ Kh3 56. Ra6 Rg5 57. Kf4 Rg4+ 58. Kf3 g2 0-1

[Event "Specialiste Estival"]
[Site "Montreal CAN"]
[Date "1988.06.05"]
[Round "3"]
[White "Gaudreau, Alain"]
[Black "Morin, Louis"]
[Result "0-1"]
[WhiteElo "1732"]
[BlackElo "1850"]
[PlyCount "128"]
[GameId "2160767912586289"]
[EventDate "1988.06.04"]
[EventType "swiss"]
[EventRounds "4"]
[EventCountry "CAN"]
[SourceTitle "hb 2013"]

1. e4 e5 2. Nf3 d6 3. d4 Nd7 4. dxe5 dxe5 5. Bc4 Bc5 6. Nc3 Ngf6 7. Bg5 c6 8. O-O O-O 9. Kh1 Qc7 10. Qe2 h6 11. Bh4 Kh7 12. Bg3 g6 13. Bh4 Kg7 14. Rad1 b5 15. Bd3 Nh5 16. Qd2 Nf4 17. Ne2 Nxd3 18. Qxd3 f6 19. Qc3 Be7 20. Bg3 Nc5 21. Qe3 Ne6 22. Nh4 Bc5 23. Qc3 b4 24. Qc4 Qe7 25. f4 exf4 26. Nxf4 Nxf4 27. Rxf4 a5 28. Qe2 Kh7 29. e5 f5 30. Qf3 Qe6 31. b3 Ba6 32. Rfd4 Bxd4 33. Rxd4 Rad8 34. Rd6 Rxd6 35. exd6 Qe2 36. d7 Qxf3 37. Nxf3 Rd8 38. Ne5 Bc8 39. Nxc6 Rxd7 40. h3 Rd2 41. Nxa5 Rxc2 42. Bd6 Rxa2 43. Bxb4 Be6 44. Nc4 Bd5 45. Nd2 Bxb3 46. Nxb3 Rb2 47. Kg1 Rxb3 48. Bd6 Kg7 49. Be5+ Kf7 50. Kf2 g5 51. g3 h5 52. Bd4 Kg6 53. Be5 h4 54. gxh4 Rxh3 55. hxg5 Kxg5 56. Kg2 Kg4 57. Bb8 Rb3 58. Be5 Re3 59. Bd4 Re2+ 60. Kf1 Kf3 61. Kg1 Rg2+ 62. Kh1 Rg8 63. Be5 f4 64. Bd4 Ke2 0-1

[Event "Specialiste Estival"]
[Site "Montreal CAN"]
[Date "1988.06.05"]
[Round "3"]
[White "Larocque, Denis"]
[Black "Zalys, Ignas"]
[Result "1/2-1/2"]
[WhiteElo "1590"]
[BlackElo "1902"]
[PlyCount "110"]
[GameId "2160767912586290"]
[EventDate "1988.06.04"]
[EventType "swiss"]
[EventRounds "4"]
[EventCountry "CAN"]

1. e4 c5 2. Nf3 e6 3. d4 cxd4 4. Nxd4 a6 5. c4 Nf6 6. Bd3 d6 7. Nc3 Bd7 8. O-O Nc6 9. Be3 Be7 10. Qe2 Rc8 11. f4 e5 12. Nf5 Bxf5 13. exf5 O-O 14. Ne4 exf4 15. Nxf6+ Bxf6 16. Rxf4 Re8 17. Re1 Qa5 18. b3 Re7 19. Re4 Rce8 20. Rxe7 Rxe7 21. Qf2 Qc3 22. Qd2 h6 23. Qxc3 Bxc3 24. Re2 Nb4 25. Bf2 Rxe2 26. Bxe2 Nxa2 27. Bf3 b5 28. cxb5 axb5 29. Bc6 b4 30. Kf1 Kf8 31. Bh4 Be5 32. h3 Nc1 33. Bd5 Nd3 34. Be1 Bc3 35. Bg3 Ke7 36. Bh4+ Kf8 37. Bg3 Be5 38. Be1 Bc3 39. Bg3 Ke7 40. Bh4+ Ke8 41. Bg3 Be5 42. Be1 Nxe1 43. Kxe1 Ke7 44. Kf2 Kf6 45. g4 g6 46. fxg6 fxg6 47. Kf3 Kg5 48. Bf7 Kf6 49. Bd5 h5 50. gxh5 gxh5 51. Ke4 Bc3 52. Kf4 Bd2+ 53. Ke4 Bc3 54. Kf4 Bd2+ 55. Ke4 Bc3 1/2-1/2

[Event "Specialiste Estival"]
[Site "Montreal CAN"]
[Date "1988.06.05"]
[Round "4"]
[White "Zalys, Ignas"]
[Black "Morin, Louis"]
[Result "1-0"]
[WhiteElo "1902"]
[BlackElo "1901"]
[PlyCount "101"]
[GameId "2160767912586291"]
[EventDate "1988.06.04"]
[EventType "swiss"]
[EventRounds "4"]
[EventCountry "CAN"]

1. Nf3 Nf6 2. c4 e6 3. g3 d5 4. Bg2 c5 5. b3 Nc6 6. Bb2 Be7 7. O-O O-O 8. d3 d4 9. e3 e5 10. Na3 Bd7 11. Nc2 Qc8 12. Re1 Bh3 13. Bh1 Bg4 14. Qc1 Qf5 15. e4 Qh5 16. Nh4 g5 17. f3 gxh4 18. fxg4 Nxg4 19. Qd2 hxg3 20. hxg3 Bg5 21. Qe2 Qh3 22. Qg2 Qxg2+ 23. Bxg2 Nb4 24. Nxb4 cxb4 25. Bc1 Bxc1 26. Raxc1 Ne3 27. Bh3 a5 28. Bd7 Rad8 29. Bf5 Ra8 30. Bd7 Rfd8 31. Bb5 Rd6 32. Kf2 Rf8 33. c5 Rh6 34. Rh1 Rxh1 35. Rxh1 f5 36. exf5 Rxf5+ 37. Ke2 Kg7 38. c6 e4 39. c7 Rc5 40. dxe4 Rxc7 41. Kd3 Rc3+ 42. Kxd4 Nc2+ 43. Kd5 Rxg3 44. e5 Na3 45. Bd7 Rd3+ 46. Ke6 Re3 47. Kd6 b5 48. Rg1+ Kh6 49. e6 a4 50. e7 axb3 51. axb3 1-0